00450nam a2200169 a 45000010005000000030005000050050017000100080041000270200015000680400020000831000021001032450057001242600033001813000019002144900032002336000015002655903CDMR20130403095604.0130220s1996||||||||||||||||||||||||||||d a8429742107 aCDMRbcatcCDMR1 aBadosa, Cristina10aJosep Plab: biografia del solitaricCristina Badosa aBarcelonabEdicions 62c1996 a376 p ;c17 cm0 aBiografies i memò€riesv291 aPla, Josep